Statistics for 10 Largest Countries in the World with Typing Hurdles

Click here to take the quiz!

General Stats

  • This quiz has been taken 125 times
  • The average score is 20 of 75

Answer Stats

10 LARGEST COUNTRIES IN THE WORLD% Correct
R
100%
Ru
79%
Rus
76%
Russ
76%
Russi
76%
Russia
76%
RussiaC
38%
RussiaCa
36%
RussiaCan
36%
RussiaCana
36%
RussiaCanad
36%
RussiaCanada
36%
RussiaCanadaC
35%
RussiaCanadaCh
35%
RussiaCanadaChi
35%
RussiaCanadaChin
33%
RussiaCanadaChina
33%
RussiaCanadaChinaU
33%
RussiaCanadaChinaUn
32%
RussiaCanadaChinaUni
31%
RussiaCanadaChinaUnit
31%
RussiaCanadaChinaUnite
31%
RussiaCanadaChinaUnited
31%
RussiaCanadaChinaUnitedS
31%
RussiaCanadaChinaUnitedSt
31%
RussiaCanadaChinaUnitedSta
31%
RussiaCanadaChinaUnitedStat
31%
RussiaCanadaChinaUnitedState
31%
RussiaCanadaChinaUnitedStates
31%
RussiaCanadaChinaUnitedStatesB
31%
RussiaCanadaChinaUnitedStatesBr
31%
RussiaCanadaChinaUnitedStatesBra
31%
RussiaCanadaChinaUnitedStatesBraz
31%
RussiaCanadaChinaUnitedStatesBrazi
31%
RussiaCanadaChinaUnitedStatesBrazil
30%
RussiaCanadaChinaUnitedStatesBrazilA
29%
RussiaCanadaChinaUnitedStatesBrazilAu
25%
RussiaCanadaChinaUnitedStatesBrazilAus
25%
RussiaCanadaChinaUnitedStatesBrazilAust
24%
RussiaCanadaChinaUnitedStatesBrazilAustr
24%
RussiaCanadaChinaUnitedStatesBrazilAustra
24%
RussiaCanadaChinaUnitedStatesBrazilAustral
23%
RussiaCanadaChinaUnitedStatesBrazilAustrali
23%
RussiaCanadaChinaUnitedStatesBrazilAustralia
23%
RussiaCanadaChinaUnitedStatesBrazilAustraliaI
20%
RussiaCanadaChinaUnitedStatesBrazilAustraliaIn
20%
RussiaCanadaChinaUnitedStatesBrazilAustraliaInd
19%
RussiaCanadaChinaUnitedStatesBrazilAustraliaIndi
18%
RussiaCanadaChinaUnitedStatesBrazilAustraliaIndia
17%
RussiaCanadaChinaUnitedStatesBrazilAustraliaIndiaA
15%
RussiaCanadaChinaUnitedStatesBrazilAustraliaIndiaAr
13%
RussiaCanadaChinaUnitedStatesBrazilAustraliaIndiaArg
13%
RussiaCanadaChinaUnitedStatesBrazilAustraliaIndiaArge
13%
RussiaCanadaChinaUnitedStatesBrazilAustraliaIndiaArgen
13%
RussiaCanadaChinaUnitedStatesBrazilAustraliaIndiaArgent
13%
RussiaCanadaChinaUnitedStatesBrazilAustraliaIndiaArgenti
13%
RussiaCanadaChinaUnitedStatesBrazilAustraliaIndiaArgentin
13%
RussiaCanadaChinaUnitedStatesBrazilAustraliaIndiaArgentina
13%
RussiaCanadaChinaUnitedStatesBrazilAustraliaIndiaArgentinaK
13%
RussiaCanadaChinaUnitedStatesBrazilAustraliaIndiaArgentinaKa
12%
RussiaCanadaChinaUnitedStatesBrazilAustraliaIndiaArgentinaKaz
12%
RussiaCanadaChinaUnitedStatesBrazilAustraliaIndiaArgentinaKaza
12%
RussiaCanadaChinaUnitedStatesBrazilAustraliaIndiaArgentinaKazak
12%
RussiaCanadaChinaUnitedStatesBrazilAustraliaIndiaArgentinaKazakh
11%
RussiaCanadaChinaUnitedStatesBrazilAustraliaIndiaArgentinaKazakhs
10%
RussiaCanadaChinaUnitedStatesBrazilAustraliaIndiaArgentinaKazakhst
10%
RussiaCanadaChinaUnitedStatesBrazilAustraliaIndiaArgentinaKazakhsta
10%
RussiaCanadaChinaUnitedStatesBrazilAustraliaIndiaArgentinaKazakhstan
10%
RussiaCanadaChinaUnitedStatesBrazilAustraliaIndiaArgentinaKazakhstanA
8%
RussiaCanadaChinaUnitedStatesBrazilAustraliaIndiaArgentinaKazakhstanAl
7%
RussiaCanadaChinaUnitedStatesBrazilAustraliaIndiaArgentinaKazakhstanAlg
7%
RussiaCanadaChinaUnitedStatesBrazilAustraliaIndiaArgentinaKazakhstanAlge
7%
RussiaCanadaChinaUnitedStatesBrazilAustraliaIndiaArgentinaKazakhstanAlger
7%
RussiaCanadaChinaUnitedStatesBrazilAustraliaIndiaArgentinaKazakhstanAlgeri
7%
Russia - Canada - China - United States - Brazil - Australia - India - Argentina - Kazakhstan - Algeria
7%

Score Distribution

Percentile by Number Answered

Percent of People with Each Score

Your Score History

You have not taken this quiz